Les 50 meilleurs footballeurs du XXe siècle - Statistiques

Statistiques générales
  • Ce quiz a été pris 1 422 fois
  • Le résultat moyen est 15 sur 50
Statistiques - réponses
Rang Pays Période professionel Joueur % Correct
#1 Brésil 1956-1977 Pelé
99%
#5 Argentine 1976-1997 Diego Maradona
91%
#2 Pays-Bas 1964-1984 Johan Cruyff
89%
#7 France 1972-1987 Michel Platini
85%
#6 Hongrie Espagne 1943-1966 Ferenc Puskás
76%
#9 Portugal 1957-1978 Eusébio
75%
#13 Allemagne 1964-1981 Gerd Müller
72%
#3 Allemagne 1964-1983 Franz Beckenbauer
70%
#4 Argentin Espagne 1945-1966 Alfredo Di Stéfano
65%
#16 Irlande du Nord 1963-1984 George Best
61%
#8 Brésil 1953-1972 Garrincha
60%
#12 Pays-Bas 1981-1995 Marco van Basten
58%
#18 Pays-Bas 1979-1998 Ruud Gullit
56%
#27 Liberia 1985-2003 George Weah
55%
#30 France 1950-1962 Just Fontaine
52%
#10 Angleterre 1956-1976 Bobby Charlton
51%
#43 France 1949-1968 Raymond Kopa
48%
#24 Angleterre 1958-1978 Bobby Moore
34%
#14 Brésil 1971-1994 Zico
34%
#15 Allemagne 1979-2000 Lothar Matthäus
33%
#26 Mexique 1976-1997 Hugo Sánchez
29%
#28 Cameroun 1970-1996 Roger Milla
29%
#33 Italie 1977-1997 Franco Baresi
23%
#35 Allemagne 1974-1989 Karl-Heinz Rummenigge
16%
#11 Angleterre 1932-1965 Stanley Matthews
15%
#21 Italie 1927-1947 Giuseppe Meazza
12%
#20 Italie 1958-1979 Gianni Rivera
10%
#38 Angleterre 1968-1984 Kevin Keegan
10%
#50 Ecosse 1956-1974 Denis Law
9%
#19 Brésil 1946-1967 Didi
8%
#31 Espagne 1952-1971 Francisco Gento
8%
#39 Hongrie 1946-1966 Sándor Kocsis
8%
#36 Argentine Italie 1954-1969 Omar Sivori
6%
#34 Autriche Tchécoslovaquie 1931-1957 Josef Bican
5%
#41 Tchécoslovaquie 1950-1970 Josef Masopust
5%
#48 Pérou 1966-1988 Teófilo Cubillas
4%
#42 Italie 1960-1978 Giacinto Facchetti
3%
#32 Hongrie Tchécoslovaquie Espagne 1944-1967 László Kubala
3%
#22 Autriche 1922-1939 Matthias Sindelar
3%
#44 Italie 1960-1977 Sandro Mazzola
3%
#45 Allemagne 1953-1972 Uwe Seeler
3%
#37 Chili 1964-1982 Elías Figueroa
2%
#23 Allemagne 1939-1959 Fritz Walter
2%
#46 Suède 1937-1958 Gunnar Nordahl
2%
#29 Uruguay 1921-1933 José Leandro Andrade
2%
#17 Uruguay 1946-1962 Juan Alberto Schiaffino
2%
#47 Brésil 1939-1962 Zizinho
2%
#49 Paraguay 1930-1949 Arsenio Erico
1%
#40 Uruguay 1916-1939 Héctor Scarone
1%
#25 Argentine 1935-1961 José Manuel Moreno
1%
Aucun quiz correspondant
Distribution des résultats
% des personnes avec chaque résultat
Percentile par nombre de réponses
Votre historique - résultats
Vous n’avez pas pris ce quiz